000 00331nam a2200133Ia 4500
008 240624s9999 xx 000 0 und d
041 _aeng
082 _a332.645 MUR
100 _aMURTY G R K
245 _aDERIVATIVE MARKETS I
260 _c2003
_aHyderabad
_bICFAI University
300 _axii, : 200 : p. : cm. ; 23
365 _cRS
999 _c2822
_d2822